000 00289nam a2200109Ia 4500
008 200302s9999 xx 000 0 und d
100 _aP. Dayaratnam
245 _aBrick and Reinforced Brick Structures
260 _bOxford & IBH Publishing Co. Pvt. Ltd.
260 _c1987
300 _a180 P.,
999 _c1044
_d1044